000 00532pab a2200181 454500
008 180718b2015 xxu||||| |||| 00| 0 eng d
100 _aKyriacou, Andreas P.
245 _aRegional inequalities and the electoral success of regional parties: evidence from the OECD
260 _c2015
300 _ap.3-23.
362 _aWinter
650 _aElections
650 _aPolitical parties
650 _aIncome distribution
700 _aMorral- Palacin, Noemi
773 _aPublius: the Journal of Federalism
909 _a108534
999 _c108529
_d108529